000 00642nmm a2200253 a 4500
003 AR-BaBNM
005 20251128204649.0
008 016019s1988 ||||||||||||||000 | spa||
020 _a950-575-002-1
040 _cAR-BaBNM
100 1 _aDíaz-Plaja, Guillermo
245 1 0 _aHistoria del español a través de la imagen y el ejemplo
250 _a5ª ed.
260 _aBuenos Aires
_bCiordia
_c1988
300 0 _a159 p.
_bil.
650 4 _aESPANOL
650 4 _aETIMOLOGIA
650 4 _aFONOLOGIA
650 4 _aLITERATURA ESPANOLA
653 0 _aHISTORIA DE LA LENGUA
700 1 _aMazzei, Angel
942 _cBK
998 _cisola
999 _c8294
_d8294